[Event "Cracovia 2008 op A"]
[Site "Krakow"]
[Date "2008.12.30"]
[Round "5.49"]
[White "Hansen, Knut"]
[Black "Muter, Donny"]
[Result "1/2-1/2"]
[WhiteElo "2076"]
[BlackElo "2190"]
[PlyCount "33"]
[EventDate "2008.??.??"]

1. e4 c6 2. d4 d5 3. Nc3 dxe4 4. Nxe4 Bf5 5. Ng3 Bg6 6. Nf3 Nd7 7. Bd3 e6 8. c3
Ngf6 9. O-O Bd6 10. Re1 O-O 11. Bxg6 hxg6 12. a4 a5 13. Nf1 Qc7 14. h3 Rad8 15.
Bg5 Bf4 16. Bxf4 Qxf4 17. Qd2 1/2-1/2

[Event "Cracovia 2008 op A"]
[Site "Krakow"]
[Date "2008.12.30"]
[Round "5.50"]
[White "Zakoscielna, Kinga"]
[Black "Baumann, Dariusz"]
[Result "0-1"]
[WhiteElo "2147"]
[BlackElo "2074"]
[PlyCount "82"]
[EventDate "2008.??.??"]

1. e4 g6 2. d4 c6 3. Nc3 Bg7 4. Bg5 Qb6 5. Nge2 Qxb2 6. Rb1 Qa3 7. g3 d6 8. Bg2
Qa5 9. Qd2 Nd7 10. O-O Qc7 11. d5 c5 12. Nb5 Qb8 13. a4 b6 14. c4 Ba6 15. Na3
Ne5 16. Qc2 Nf6 17. Bd2 O-O 18. h3 Ne8 19. Kh2 Qc7 20. f4 Nd7 21. e5 dxe5 22.
d6 Nxd6 23. Bxa8 Rxa8 24. Nb5 Nxb5 25. axb5 Bb7 26. f5 e4 27. Bf4 Ne5 28. fxg6
hxg6 29. Rbd1 Rd8 30. Nc3 Rxd1 31. Qxd1 e6 32. Qc2 f5 33. Qa4 g5 34. Bxe5 Bxe5
35. Ne2 f4 36. gxf4 gxf4 37. Rg1+ Kf7 38. Qc2 f3+ 39. Ng3 Bd4 40. Re1 Qf4 41.
Rf1 Be5 0-1

[Event "Cracovia 2008 op A"]
[Site "Krakow"]
[Date "2008.12.30"]
[Round "5.51"]
[White "Demidowicz, Maria"]
[Black "Markowski, Piotr"]
[Result "1/2-1/2"]
[WhiteElo "2093"]
[BlackElo "2145"]
[PlyCount "84"]
[EventDate "2008.??.??"]

1. e4 c5 2. Nf3 Nc6 3. d4 cxd4 4. Nxd4 Nf6 5. Nc3 e5 6. Ndb5 d6 7. Bg5 a6 8.
Na3 b5 9. Nd5 Be7 10. Bxf6 Bxf6 11. c4 b4 12. Nc2 a5 13. g3 O-O 14. h4 Be6 15.
Bh3 Nd4 16. Nxd4 exd4 17. Qd3 a4 18. Bxe6 fxe6 19. Nxb4 a3 20. O-O Qa5 21. bxa3
Qxa3 22. Qxa3 Rxa3 23. Rac1 Rb8 24. Rb1 Kf7 25. Nc2 Rxb1 26. Nxa3 Rb2 27. Nb5
d3 28. Rd1 d2 29. Kf1 Bd8 30. Nxd6+ Ke7 31. c5 Rc2 32. Ke2 Rxa2 33. Rxd2 Rxd2+
34. Kxd2 Ba5+ 35. Kd3 Be1 36. e5 Bxf2 37. Ne4 Bg1 38. Kc4 Kd7 39. Kb5 Bd4 40.
c6+ Kc8 41. Nd6+ Kb8 42. Nf7 h5 1/2-1/2

[Event "Cracovia 2008 op A"]
[Site "Krakow"]
[Date "2008.12.30"]
[Round "5.52"]
[White "Musialkiewicz, Jan"]
[Black "Chrzaszcz, Malvina"]
[Result "1-0"]
[WhiteElo "2117"]
[BlackElo "2010"]
[PlyCount "45"]
[EventDate "2008.??.??"]

1. e4 c5 2. Nf3 d6 3. d4 cxd4 4. Nxd4 Nf6 5. Nc3 a6 6. h3 e5 7. Nde2 Be6 8. g4
Be7 9. g5 Nh5 10. h4 Nc6 11. Nd5 Bxd5 12. exd5 Nb8 13. Nc3 g6 14. Be3 Nd7 15.
Qd2 b5 16. a4 Qa5 17. b4 Qxb4 18. axb5 a5 19. Ra4 Qb2 20. Ra2 Qb4 21. Ra4 Qb2
22. Bc4 Rc8 23. O-O 1-0

[Event "Cracovia 2008 op A"]
[Site "Krakow"]
[Date "2008.12.30"]
[Round "5.53"]
[White "Motor, Marta"]
[Black "Hansen, Victor"]
[Result "0-1"]
[WhiteElo "2065"]
[BlackElo "2112"]
[PlyCount "58"]
[EventDate "2008.??.??"]

1. e4 c6 2. d4 d5 3. Nd2 dxe4 4. Nxe4 Nf6 5. Ng3 h5 6. Bc4 h4 7. N3e2 Bg4 8. h3
Bf5 9. Nf3 Be4 10. Nf4 Bxf3 11. Qxf3 Qxd4 12. Qb3 e6 13. Qxb7 Qxc4 14. Qxa8 Bd6
15. Qxa7 Bxf4 16. Bxf4 Qxf4 17. O-O O-O 18. Rfd1 e5 19. a4 Nd5 20. Ra3 Qc4 21.
Rd2 Na6 22. Rad3 Nab4 23. Rf3 Qe4 24. Rd1 Qxc2 25. Re1 Qxb2 26. Qd7 Nf4 27. Qg4
Nbd3 28. Ree3 Nxf2 29. Rb3 Qxb3 0-1

[Event "Cracovia 2008 op A"]
[Site "Krakow"]
[Date "2008.12.30"]
[Round "5.54"]
[White "Vasylius, Kestutis"]
[Black "Golek, Jagoda"]
[Result "1-0"]
[WhiteElo "2105"]
[BlackElo "2028"]
[PlyCount "65"]
[EventDate "2008.??.??"]

1. d4 e6 2. e4 d5 3. Nd2 c5 4. exd5 exd5 5. dxc5 Bxc5 6. Nb3 Be7 7. Nf3 Nf6 8.
Bd3 Nc6 9. c3 O-O 10. O-O Re8 11. Nbd4 Bf8 12. Bg5 Bg4 13. Qb3 Na5 14. Qa4 Be7
15. Rfe1 Bd7 16. Qc2 h6 17. Bh4 Nc6 18. Nf5 Bxf5 19. Bxf5 Qc7 20. Rad1 Red8 21.
Rd2 Nh5 22. Bxe7 Nxe7 23. Rde2 Nxf5 24. Qxf5 Nf6 25. Re7 Rd7 26. R7e3 Rdd8 27.
Nd4 Kf8 28. Qf3 Re8 29. Nf5 Rxe3 30. Rxe3 Qc6 31. Qg3 g6 32. Qh4 h5 33. Qb4+
1-0

[Event "Cracovia 2008 op A"]
[Site "Krakow"]
[Date "2008.12.30"]
[Round "5.55"]
[White "Turcheniac, Mariya"]
[Black "Englert, Jan"]
[Result "1/2-1/2"]
[WhiteElo "1979"]
[BlackElo "2162"]
[PlyCount "36"]
[EventDate "2008.??.??"]

1. e4 d6 2. d4 Nf6 3. Nc3 Nbd7 4. Nf3 e5 5. Bg5 Be7 6. Bc4 O-O 7. Bxf6 Bxf6 8.
Nd5 exd4 9. Nxd4 a6 10. O-O Nc5 11. Nxf6+ Qxf6 12. Re1 Ne6 13. c3 Qg6 14. Nf5
Re8 15. Ng3 Nc5 16. Qd4 Be6 17. e5 Bxc4 18. exd6 Qxd6 1/2-1/2

[Event "Cracovia 2008 op A"]
[Site "Krakow"]
[Date "2008.12.30"]
[Round "5.56"]
[White "Sroka, Janusz"]
[Black "Pipala, Janusz"]
[Result "1-0"]
[WhiteElo "2129"]
[BlackElo "2086"]
[PlyCount "83"]
[EventDate "2008.??.??"]

1. e4 e5 2. Nf3 Nc6 3. d3 Bc5 4. Be2 d6 5. c3 h6 6. O-O Nf6 7. Nbd2 a6 8. a4
Bg4 9. h3 Bd7 10. Nc4 b5 11. axb5 axb5 12. Rxa8 Qxa8 13. Ne3 Qa7 14. Nc2 O-O
15. Be3 Bxe3 16. Nxe3 b4 17. Nh4 Ne7 18. Qc2 Rb8 19. Rc1 c5 20. Bf3 g6 21. Kh2
Qa2 22. c4 Nc6 23. Bd1 Nd4 24. Qd2 Kg7 25. Nf3 Nc6 26. g3 Nh7 27. Nd5 Rb7 28.
Nh4 Nd4 29. Nf3 Nxf3+ 30. Bxf3 Ng5 31. Bg2 Ne6 32. f4 exf4 33. gxf4 Nd4 34. Rf1
f5 35. Qf2 Ra7 36. Qh4 Be6 37. Qf6+ Kh7 38. Ne7 Rxe7 39. Qxe7+ Kg8 40. exf5
gxf5 41. Rf2 Qb1 42. Be4 1-0

[Event "Cracovia 2008 op A"]
[Site "Krakow"]
[Date "2008.12.30"]
[Round "5.57"]
[White "Wisniowska, Klaudia"]
[Black "Sliwerski, Radoslaw"]
[Result "1-0"]
[WhiteElo "1988"]
[BlackElo "2120"]
[PlyCount "81"]
[EventDate "2008.??.??"]

1. e4 d6 2. d4 Nf6 3. Nc3 g6 4. Be3 c6 5. h3 Bg7 6. f4 Qb6 7. Qd2 Qxb2 8. Rb1
Qa3 9. Nf3 b5 10. Bd3 O-O 11. O-O Qa5 12. Nh4 b4 13. Ne2 Ba6 14. f5 c5 15. dxc5
dxc5 16. e5 Bxd3 17. exf6 Bxf6 18. Qxd3 Bxh4 19. Qe4 Qb5 20. c4 Qc6 21. Qxh4
Nd7 22. fxg6 hxg6 23. Bh6 Rfe8 24. Qf4 Nf6 25. Rb3 Rad8 26. Rbf3 a5 27. Bg5 Rd6
28. Qh4 Qe4 29. Nf4 a4 30. Qh6 Nh7 31. Nd5 Nxg5 32. Qxg5 f6 33. Qh6 g5 34. Rf5
b3 35. Qg6+ Kf8 36. Qh6+ Kg8 37. Qg6+ Kf8 38. axb3 axb3 39. Qh6+ Kg8 40. Qg6+
Kf8 41. Nxf6 1-0

[Event "Cracovia 2008 op A"]
[Site "Krakow"]
[Date "2008.12.30"]
[Round "5.58"]
[White "Swiech, Przemyslaw"]
[Black "Iwanow, Anna"]
[Result "1-0"]
[WhiteElo "2119"]
[BlackElo "1961"]
[PlyCount "65"]
[EventDate "2008.??.??"]

1. d4 Nf6 2. c4 g6 3. Nc3 Bg7 4. e4 d6 5. Nf3 O-O 6. h3 e5 7. dxe5 dxe5 8. Qxd8
Rxd8 9. Bg5 Re8 10. Nd5 Nxd5 11. cxd5 f5 12. Be3 Nd7 13. Bc4 Kh8 14. Ng5 Nf6
15. d6 h6 16. Nf7+ Kh7 17. exf5 Bxf5 18. dxc7 Re7 19. Nd6 Rxc7 20. Rc1 Rc6 21.
Nxb7 Be4 22. Na5 Rc7 23. Bg8+ Kxg8 24. Rxc7 Nd5 25. Rxa7 Rb8 26. b3 Nxe3 27.
fxe3 Bxg2 28. Rg1 Be4 29. Nc4 Kh8 30. Nd6 Bb1 31. Ke2 Bd3+ 32. Kxd3 Rd8 33.
Rxg6 1-0

[Event "Cracovia 2008 op A"]
[Site "Krakow"]
[Date "2008.12.30"]
[Round "5.59"]
[White "Kucypera, Malgorzata"]
[Black "Ogonowska, Katarzyna"]
[Result "1-0"]
[WhiteElo "2111"]
[BlackElo "1880"]
[PlyCount "53"]
[EventDate "2008.??.??"]

1. e4 g6 2. d4 Bg7 3. c3 e6 4. Be3 Ne7 5. Qd2 h6 6. Bd3 b6 7. Ne2 d6 8. O-O Nd7
9. c4 c5 10. Nbc3 Bb7 11. Rad1 a6 12. f4 cxd4 13. Bxd4 Bxd4+ 14. Nxd4 Nc5 15.
Bc2 Qc7 16. b4 Nd7 17. Nf3 Qxc4 18. Qxd6 Qc6 19. Qd4 Rg8 20. Ne5 Nxe5 21. Qxe5
Rc8 22. Ba4 b5 23. Nxb5 Qb6+ 24. Nd4+ Kf8 25. Kh1 Qc7 26. Nxe6+ fxe6 27. Qf6#
1-0

[Event "Cracovia 2008 op A"]
[Site "Krakow"]
[Date "2008.12.30"]
[Round "5.60"]
[White "Gluszko, Monika"]
[Black "Kumor, Lukasz"]
[Result "0-1"]
[WhiteElo "1901"]
[BlackElo "2105"]
[PlyCount "134"]
[EventDate "2008.??.??"]

1. e4 e6 2. d4 d5 3. Nc3 Nf6 4. Bg5 Be7 5. e5 Nfd7 6. h4 O-O 7. Qg4 Kh8 8. Bxe7
Qxe7 9. O-O-O c5 10. f4 a6 11. Nf3 f5 12. Qh3 Nc6 13. g4 fxg4 14. Qxg4 cxd4 15.
Nxd4 Nc5 16. Bh3 Bd7 17. Nf3 Qf7 18. Ne2 Ne4 19. Ng5 Nxg5 20. hxg5 Ne7 21. Bg2
Rac8 22. Be4 g6 23. Bd3 Bb5 24. Rh3 Bxd3 25. Rdxd3 Nf5 26. Qg1 Qc7 27. Rc3 Qa5
28. Qh1 Rc7 29. Rxc7 Qxc7 30. Rc3 Qb6 31. Rb3 Qf2 32. Rxb7 h5 33. Kd2 Qxe2+ 34.
Kxe2 Ng3+ 35. Kf3 Nxh1 36. Kg2 Rxf4 37. Kxh1 Rh4+ 38. Kg2 Rg4+ 39. Kf3 Rxg5 40.
Rb6 Rxe5 41. Rxa6 Kg7 42. b4 g5 43. b5 g4+ 44. Kf2 h4 45. Ra3 g3+ 46. Kg1 Re1+
47. Kg2 Re2+ 48. Kg1 Rxc2 49. Rb3 Rxa2 50. b6 Ra8 51. Rb4 Kf6 52. Rxh4 Ke5 53.
Kg2 Rb8 54. Rb4 Kd6 55. b7 Kc6 56. Kxg3 Rxb7 57. Rh4 Rb3+ 58. Kf2 e5 59. Ke2
Kc5 60. Kd2 e4 61. Kc2 Rg3 62. Rh2 Kc4 63. Re2 e3 64. Rh2 d4 65. Rh4 Rg2+ 66.
Kd1 Kd3 67. Rh1 Ra2 0-1

[Event "Cracovia 2008 op A"]
[Site "Krakow"]
[Date "2008.12.31"]
[Round "6.1"]
[White "Piorun, Kacper"]
[Black "Gajewski, Grzegorz"]
[Result "1/2-1/2"]
[WhiteElo "2472"]
[BlackElo "2577"]
[PlyCount "52"]
[EventDate "2008.??.??"]

1. e4 e5 2. Nf3 Nc6 3. Bb5 Nf6 4. d3 Bc5 5. Bxc6 dxc6 6. Be3 Bxe3 7. fxe3 Bg4
8. O-O Nd7 9. Qe1 Bxf3 10. Rxf3 Qe7 11. Nc3 O-O 12. Ne2 a5 13. Qg3 Rae8 14.
Raf1 Nc5 15. Qg4 Ne6 16. Ng3 Qg5 17. Qh3 Qd8 18. Qg4 Qg5 19. Qh3 Qd8 20. Rf5 g6
21. Rf6 Ng7 22. Qh6 Re6 23. R6f3 f6 24. h4 c5 25. b3 Qe7 26. R1f2 b6 1/2-1/2

[Event "Cracovia 2008 op A"]
[Site "Krakow"]
[Date "2008.12.31"]
[Round "6.2"]
[White "Paterek, Michal"]
[Black "Swiercz, Dariusz"]
[Result "0-1"]
[WhiteElo "2235"]
[BlackElo "2478"]
[PlyCount "120"]
[EventDate "2008.??.??"]

1. d4 f5 2. g3 Nf6 3. Bg2 g6 4. Nh3 Bg7 5. Nf4 Nc6 6. d5 Ne5 7. Nc3 c6 8. O-O
O-O 9. a4 cxd5 10. Ncxd5 Nxd5 11. Qxd5+ e6 12. Qb3 d5 13. Rd1 Kh8 14. Bd2 Qc7
15. Bc3 Bd7 16. h4 Rae8 17. e3 Bc6 18. Bd4 Nc4 19. Bxg7+ Qxg7 20. c3 Qe7 21.
Qc2 Rc8 22. b3 Nd6 23. Rac1 Rfd8 24. Qb2 Kg8 25. Qa3 Kf7 26. Qb4 Ne4 27. Qxe7+
Kxe7 28. Bxe4 fxe4 29. Kf1 e5 30. Ne2 Bd7 31. Rd2 Bg4 32. Ke1 Be6 33. Rb1 Rc7
34. Rc1 Rdc8 35. Rcd1 Rc5 36. Rb1 R8c7 37. Kd1 Bg4 38. Ke1 Be6 39. Kd1 R5c6 40.
Rc1 Rb6 41. Rb1 Rbc6 42. Rc1 h6 43. Kc2 a5 44. Kb2 Rb6 45. Ka3 Rbc6 46. Rcc2
Kf6 47. Rb2 Kf5 48. b4 d4 49. Rb1 d3 50. g4+ Kf6 51. b5 Rc5 52. b6 dxe2 53.
bxc7 Rxc3+ 54. Kb2 Rb3+ 55. Kc2 Rxb1 56. Rd6 Rc1+ 57. Kxc1 e1=Q+ 58. Kc2 Qe2+
59. Kb1 Qa2+ 60. Kc1 Qa3+ 0-1

[Event "Cracovia 2008 op A"]
[Site "Krakow"]
[Date "2008.12.31"]
[Round "6.3"]
[White "Malaniuk, Vladimir P"]
[Black "Hnydiuk, Aleksander"]
[Result "1/2-1/2"]
[WhiteElo "2534"]
[BlackElo "2403"]
[PlyCount "44"]
[EventDate "2008.??.??"]

1. Nf3 d5 2. c4 c6 3. e3 Nf6 4. Nc3 a6 5. Qc2 Bg4 6. Ne5 Bh5 7. cxd5 Nxd5 8.
Qb3 Qb6 9. Qxb6 Nxb6 10. g4 Bg6 11. h4 N8d7 12. Nxd7 Nxd7 13. h5 Bc2 14. d4 h6
15. e4 e5 16. Kd2 exd4 17. Kxc2 dxc3 18. bxc3 O-O-O 19. f4 Bc5 20. Bd2 Nf6 21.
Bg2 Nxg4 22. Rae1 Kc7 1/2-1/2

[Event "Cracovia 2008 op A"]
[Site "Krakow"]
[Date "2008.12.31"]
[Round "6.4"]
[White "Sharapov, Evgeny"]
[Black "Panocki, Adrian"]
[Result "1-0"]
[WhiteElo "2427"]
[BlackElo "2381"]
[PlyCount "67"]
[EventDate "2008.??.??"]

1. e4 c5 2. Nf3 d6 3. d4 cxd4 4. Nxd4 Nf6 5. Nc3 a6 6. g3 Nc6 7. Bg2 Bd7 8. O-O
e6 9. a4 Be7 10. Nb3 O-O 11. a5 b5 12. axb6 Qxb6 13. Be3 Qc7 14. f4 h6 15. Kh1
Rfb8 16. Qe2 Nb4 17. Nd4 Nc6 18. e5 Ne8 19. Rxa6 Rxa6 20. Qxa6 Nb4 21. exd6
Nxd6 22. Qe2 Nc4 23. Bc1 Bf6 24. Rd1 Be8 25. Ne4 Be7 26. f5 e5 27. f6 exd4 28.
fxe7 Ne3 29. Bxe3 dxe3 30. c3 Nc6 31. Qxe3 Rxb2 32. Nd6 Rb8 33. Nxe8 Rxe8 34.
Qc5 1-0

[Event "Cracovia 2008 op A"]
[Site "Krakow"]
[Date "2008.12.31"]
[Round "6.5"]
[White "Nurkiewicz, Maciej"]
[Black "Pedersen, Nicolai Vesterbaek"]
[Result "1-0"]
[WhiteElo "2380"]
[BlackElo "2417"]
[PlyCount "79"]
[EventDate "2008.??.??"]

1. e4 e5 2. Nf3 Nc6 3. Bc4 Bc5 4. d3 Nf6 5. O-O O-O 6. c3 d6 7. h3 a6 8. a4 Ba7
9. Nbd2 Be6 10. Re1 h6 11. b4 d5 12. exd5 Nxd5 13. Ne4 f5 14. Nc5 Bxc5 15. bxc5
Qf6 16. Bd2 Rae8 17. Rb1 Bf7 18. Rxb7 e4 19. dxe4 fxe4 20. Nh2 Nxc3 21. Bxc3
Qxc3 22. Bxa6 e3 23. fxe3 Rxe3 24. Rxe3 Qxe3+ 25. Kh1 Ne5 26. Rxc7 Qf4 27. Re7
Qg5 28. Rc7 Qf4 29. Rc8 Rxc8 30. Bxc8 Bg6 31. Bb7 Nd3 32. Qf3 Qc1+ 33. Nf1 Nf4
34. Kh2 Bh5 35. Qb3+ Bf7 36. Qf3 Bh5 37. g4 Bg6 38. Ne3 Qd2+ 39. Ng2 Nxg2 40.
Qd5+ 1-0

[Event "Cracovia 2008 op A"]
[Site "Krakow"]
[Date "2008.12.31"]
[Round "6.6"]
[White "Motyka, Michal"]
[Black "Czerwonski, Aleksander"]
[Result "1-0"]
[WhiteElo "2359"]
[BlackElo "2391"]
[PlyCount "41"]
[EventDate "2008.??.??"]

1. e4 e5 2. d4 exd4 3. Qxd4 Nc6 4. Qe3 g6 5. Nc3 Bg7 6. Bd2 Nf6 7. O-O-O O-O 8.
f3 d5 9. Qe1 dxe4 10. Bg5 Qe7 11. Qh4 Qe6 12. fxe4 Ne5 13. Nge2 Qb6 14. h3 Bd7
15. Nd4 a6 16. Be2 c5 17. Nf3 Nxf3 18. Bxf3 Bb5 19. a4 Bc4 20. e5 Ne8 21. Qxc4
1-0

[Event "Cracovia 2008 op A"]
[Site "Krakow"]
[Date "2008.12.31"]
[Round "6.7"]
[White "Shishkin, Vadim"]
[Black "Rutkowski, Maciej"]
[Result "1-0"]
[WhiteElo "2502"]
[BlackElo "2336"]
[PlyCount "55"]
[EventDate "2008.??.??"]

1. d4 d5 2. c4 c6 3. Nf3 Nf6 4. Nc3 a6 5. c5 Nbd7 6. Bf4 Nh5 7. Bd2 Nhf6 8. Qc2
g6 9. g3 Bg7 10. Bg2 O-O 11. O-O Re8 12. Rad1 Nf8 13. Ne5 N6d7 14. f4 Nxe5 15.
dxe5 Qc7 16. e4 dxe4 17. Nxe4 Bg4 18. Rde1 a5 19. Be3 a4 20. Nd2 Bf5 21. Be4
Bxe4 22. Qxe4 f6 23. Qc4+ Kh8 24. Bd4 Red8 25. exf6 exf6 26. Ne4 f5 27. Nf6 Nd7
28. Nxh7 1-0

[Event "Cracovia 2008 op A"]
[Site "Krakow"]
[Date "2008.12.31"]
[Round "6.8"]
[White "Kanarek, Marcel"]
[Black "Samojlov, Anton"]
[Result "1-0"]
[WhiteElo "2458"]
[BlackElo "2331"]
[PlyCount "73"]
[EventDate "2008.??.??"]

1. e4 c5 2. Nf3 e6 3. d4 cxd4 4. Nxd4 Nf6 5. Nc3 Nc6 6. Ndb5 d6 7. Bf4 e5 8.
Bg5 a6 9. Na3 b5 10. Nd5 Be7 11. Bxf6 Bxf6 12. c3 O-O 13. Nc2 Rb8 14. h4 Be7
15. g3 Be6 16. Bg2 Qd7 17. b4 Bd8 18. Nce3 Ne7 19. O-O Bb6 20. Nxb6 Rxb6 21. a4
Rc8 22. axb5 axb5 23. Qd2 Qc6 24. Ra3 Ra8 25. Rfa1 Rxa3 26. Rxa3 h6 27. Ra7 Nc8
28. Ra5 Rb7 29. Nd5 Nb6 30. Ra6 Bxd5 31. exd5 Qc8 32. Bf1 Nc4 33. Bxc4 Qxc4 34.
Rxd6 Ra7 35. Rd8+ Kh7 36. Qc2+ e4 37. Qc1 1-0

[Event "Cracovia 2008 op A"]
[Site "Krakow"]
[Date "2008.12.31"]
[Round "6.9"]
[White "Brodowski, Piotr"]
[Black "Nguyen, Piotr"]
[Result "1-0"]
[WhiteElo "2401"]
[BlackElo "2327"]
[PlyCount "83"]
[EventDate "2008.??.??"]

1. g3 d5 2. Bg2 Nf6 3. c4 c6 4. Qc2 e5 5. d3 Be6 6. Nf3 Bd6 7. O-O O-O 8. Nbd2
Nbd7 9. b3 h6 10. Bb2 a5 11. a3 Qe7 12. Rfe1 Ne8 13. e4 d4 14. Nh4 g6 15. Ndf3
Qf6 16. Qe2 Ng7 17. Nd2 g5 18. Nhf3 Qg6 19. Rac1 c5 20. Rf1 Ne8 21. h3 Nc7 22.
Kh1 a4 23. bxa4 Nb6 24. Nxe5 Bxe5 25. f4 Nxa4 26. Ba1 f6 27. f5 Qe8 28. fxe6
Bxg3 29. e5 Qxe6 30. Rb1 Ra7 31. Ne4 Bxe5 32. Ng3 Kh8 33. Nf5 Bf4 34. Qh5 Rf7
35. Qxh6+ Kg8 36. Rxf4 Nc3 37. Bxc3 dxc3 38. Rh4 gxh4 39. Rg1 Qxf5 40. Bd5+ Qg5
41. Rxg5+ fxg5 42. Qg6+ 1-0

[Event "Cracovia 2008 op A"]
[Site "Krakow"]
[Date "2008.12.31"]
[Round "6.10"]
[White "Stoma, Pawel"]
[Black "Bobula, Mateusz"]
[Result "0-1"]
[WhiteElo "2268"]
[BlackElo "2395"]
[PlyCount "46"]
[EventDate "2008.??.??"]

1. e4 e6 2. d4 d5 3. exd5 exd5 4. Nf3 Nf6 5. Bd3 Be7 6. O-O Bg4 7. Re1 O-O 8.
Nbd2 Nbd7 9. Nf1 Re8 10. h3 Bh5 11. Ng3 Bg6 12. Ne5 c5 13. c3 cxd4 14. cxd4 Qb6
15. Bf5 Nxe5 16. dxe5 Bc5 17. Qc2 Bd4 18. Bxg6 hxg6 19. Bf4 Nd7 20. Re2 Bxe5
21. Rae1 Rec8 22. Qa4 Nc5 23. Be3 Nxa4 0-1

[Event "Cracovia 2008 op A"]
[Site "Krakow"]
[Date "2008.12.31"]
[Round "6.11"]
[White "Bulski, Krzysztof"]
[Black "Miroslaw, Michal"]
[Result "1-0"]
[WhiteElo "2392"]
[BlackElo "2323"]
[PlyCount "80"]
[EventDate "2008.??.??"]

1. e4 c6 2. d4 d5 3. Nc3 dxe4 4. Nxe4 Bf5 5. Ng3 Bg6 6. N1e2 Nf6 7. Nf4 Nd5 8.
Nxg6 hxg6 9. Ne4 Nd7 10. g3 N5f6 11. Nxf6+ Nxf6 12. Bg2 e6 13. c3 Bd6 14. Bd2
Qc7 15. Qe2 Qa5 16. a4 Qc7 17. b4 a5 18. b5 c5 19. b6 Qxb6 20. O-O cxd4 21.
Rab1 Qa6 22. Qxa6 Rxa6 23. Bxb7 Ra7 24. cxd4 Ke7 25. Rb5 Rh5 26. Rfb1 Rxb5 27.
Rxb5 Bb4 28. Bf4 Nd7 29. d5 Nc5 30. Be3 Kd6 31. dxe6 fxe6 32. Be4 g5 33. Bf3
Rf7 34. Rb6+ Ke5 35. Bg4 Nxa4 36. Rxe6+ Kd5 37. Rg6 Re7 38. Rxg5+ Kc4 39. Be2+
Kc3 40. Rg6 Nc5 1-0

[Event "Cracovia 2008 op A"]
[Site "Krakow"]
[Date "2008.12.31"]
[Round "6.12"]
[White "Leniart, Arkadiusz"]
[Black "Kalvaitis, Sigitas"]
[Result "0-1"]
[WhiteElo "2368"]
[BlackElo "2230"]
[PlyCount "80"]
[EventDate "2008.??.??"]

1. Nf3 Nf6 2. c4 e6 3. g3 d5 4. Bg2 Be7 5. O-O O-O 6. b3 c5 7. Bb2 Nc6 8. cxd5
Nxd5 9. Nc3 Bf6 10. Qc1 Nxc3 11. dxc3 Qc7 12. Nd2 b6 13. f4 Bb7 14. e4 Rad8 15.
e5 Nxe5 16. fxe5 Bg5 17. Rf4 Bxf4 18. gxf4 Bxg2 19. Kxg2 Qb7+ 20. Kg1 Rd3 21.
Qe1 f5 22. Qe2 Rfd8 23. Nc4 Qd5 24. Nd6 Rd2 25. c4 Qxd6 26. exd6 Rxe2 27. Be5
g5 28. Rd1 Rd7 29. Rd3 gxf4 30. Bxf4 e5 31. Bg5 Kf7 32. Be7 Ke6 33. Rh3 Rxe7
34. dxe7 Kxe7 35. Rxh7+ Kf6 36. Rxa7 f4 37. a4 e4 38. Rb7 f3 39. Rxb6+ Ke5 40.
Rb8 e3 0-1

[Event "Cracovia 2008 op A"]
[Site "Krakow"]
[Date "2008.12.31"]
[Round "6.13"]
[White "Aliavdin, Nikolai"]
[Black "Galyga, Zbigniew"]
[Result "1-0"]
[WhiteElo "2343"]
[BlackElo "2204"]
[PlyCount "75"]
[EventDate "2008.??.??"]

1. e4 c6 2. d4 d5 3. e5 Bf5 4. Nf3 e6 5. Be2 Ne7 6. O-O Nd7 7. Nh4 c5 8. c3 Bg6
9. Nd2 Nf5 10. Nxg6 hxg6 11. Nf3 Be7 12. g3 Rc8 13. Kg2 a6 14. Rb1 Qc7 15. Bd3
b5 16. g4 Nh4+ 17. Nxh4 Rxh4 18. Bf4 f5 19. f3 Rh8 20. Qd2 Nf8 21. b4 c4 22.
Bc2 Qd8 23. a4 g5 24. Bg3 f4 25. Bf2 Kf7 26. h4 g6 27. axb5 axb5 28. Ra1 Ra8
29. hxg5 Bxg5 30. Bg1 Kg7 31. Bh2 Nd7 32. Bxf4 Bh4 33. Rh1 Rxa1 34. Rxa1 Qb6
35. Bg5 Nxe5 36. Bxh4 Nxg4 37. fxg4 Rxh4 38. Qg5 1-0

[Event "Cracovia 2008 op A"]
[Site "Krakow"]
[Date "2008.12.31"]
[Round "6.14"]
[White "Klekowski, Maciej"]
[Black "Gumula, Daniel"]
[Result "1-0"]
[WhiteElo "2201"]
[BlackElo "2351"]
[PlyCount "85"]
[EventDate "2008.??.??"]

1. c4 Nf6 2. Nc3 e6 3. Nf3 Bb4 4. Qb3 c5 5. a3 Ba5 6. e3 O-O 7. Na4 d6 8. Be2
Bc7 9. O-O b6 10. Nc3 a6 11. d4 Nbd7 12. Qc2 Bb7 13. Rd1 cxd4 14. Nxd4 Rc8 15.
f4 Bb8 16. Qb1 Nc5 17. b4 Nce4 18. Nxe4 Bxe4 19. Qb2 Qc7 20. Bd2 Qb7 21. Nf3 e5
22. h3 Rfe8 23. Bc3 Re7 24. Rd2 Nh5 25. fxe5 dxe5 26. Kf2 Rce8 27. Rad1 Nf6 28.
Rd8 h6 29. Bf1 Qc7 30. Rxe8+ Rxe8 31. Be2 Bb7 32. Nd2 Qc8 33. Qb1 Rd8 34. Kg1
Qc7 35. Qf5 Bc8 36. Qf2 Re8 37. Qh4 Nh7 38. Ne4 f5 39. Nd6 Qxd6 40. Rxd6 Bxd6
41. c5 Bc7 42. Qc4+ Kh8 43. Qf7 1-0

[Event "Cracovia 2008 op A"]
[Site "Krakow"]
[Date "2008.12.31"]
[Round "6.15"]
[White "Szwed, Jacek"]
[Black "Orzech, Dominik"]
[Result "1/2-1/2"]
[WhiteElo "2258"]
[BlackElo "2462"]
[PlyCount "97"]
[EventDate "2008.??.??"]

1. d4 d5 2. c4 c6 3. Nc3 Nf6 4. cxd5 cxd5 5. Bf4 Nc6 6. e3 e6 7. Bd3 Bd6 8.
Bxd6 Qxd6 9. f4 O-O 10. Nf3 b6 11. O-O Nb4 12. Be2 Bb7 13. Rc1 Ne4 14. a3 Nc6
15. Nxe4 dxe4 16. Nd2 Ne7 17. Bc4 Rac8 18. Qe2 Nf5 19. Kh1 Rc7 20. Bb3 Rfc8 21.
Rxc7 Qxc7 22. Kg1 Ne7 23. Re1 Qd7 24. Nb1 Bd5 25. Bc2 Qc6 26. Nc3 Nf5 27. Ba4
Qa8 28. Bb5 Nd6 29. Ba6 Rc7 30. Nb5 Nxb5 31. Bxb5 Bb3 32. Qd2 Qc8 33. Qb4 Bc2
34. Rc1 Bd3 35. Rc3 h5 36. Bxd3 exd3 37. Kf2 Qd8 38. Rxc7 Qxc7 39. Qc3 Qd8 40.
Kg3 h4+ 41. Kf2 h3 42. gxh3 e5 43. Qxd3 Qh4+ 44. Kg2 exf4 45. exf4 Qxf4 46. d5
Kf8 47. d6 Qg5+ 48. Kf3 Qf6+ 49. Kg2 1/2-1/2

[Event "Cracovia 2008 op A"]
[Site "Krakow"]
[Date "2008.12.31"]
[Round "6.16"]
[White "D`Costa, Lorin A R"]
[Black "Smola, Michal"]
[Result "0-1"]
[WhiteElo "2411"]
[BlackElo "2204"]
[PlyCount "84"]
[EventDate "2008.??.??"]

1. Nf3 Nf6 2. c4 g6 3. Nc3 Bg7 4. e4 d6 5. d4 O-O 6. Be2 e5 7. Be3 exd4 8. Nxd4
Nc6 9. O-O Re8 10. f3 Nh5 11. Nxc6 bxc6 12. Qd2 Qe7 13. Rad1 Bb7 14. Rfe1 a6
15. Bf1 Rad8 16. Bf2 Be5 17. g3 c5 18. Nd5 Bxd5 19. cxd5 Qf6 20. f4 Bxb2 21. e5
Bxe5 22. fxe5 Rxe5 23. Bxa6 Rb8 24. Rb1 Rxe1+ 25. Qxe1 Rxb1 26. Qxb1 Qe5 27.
Bc4 Nf6 28. Qd3 Qa1+ 29. Kg2 Ng4 30. Bg1 Ne5 31. Qc2 h5 32. Be2 Qe1 33. a4 Qb4
34. Bb5 h4 35. Be3 h3+ 36. Kf1 Nf3 37. Qf2 Qb1+ 38. Ke2 Ne5 39. Qe1 Qe4 40. Qf1
c4 41. Qg1 Qd3+ 42. Kf2 Qc2+ 0-1

[Event "Cracovia 2008 op A"]
[Site "Krakow"]
[Date "2008.12.31"]
[Round "6.17"]
[White "Tyukhanov, Alexey"]
[Black "Rudolf, Michal"]
[Result "1/2-1/2"]
[WhiteElo "2227"]
[BlackElo "2398"]
[PlyCount "127"]
[EventDate "2008.??.??"]

1. e4 e6 2. b3 b6 3. Bb2 Bb7 4. Nc3 c5 5. g3 Nf6 6. Bg2 Be7 7. f4 d5 8. e5 Nfd7
9. d3 Nc6 10. Nf3 a6 11. a4 Qc7 12. Qe2 Rc8 13. O-O O-O 14. Kh1 Nd4 15. Qf2 Ba8
16. Rae1 Rfe8 17. g4 Nxf3 18. Qxf3 d4 19. Ne4 b5 20. axb5 axb5 21. Qg3 Bf8 22.
Rf3 Qd8 23. g5 g6 24. h4 Bxe4 25. dxe4 Ra8 26. c3 Ra2 27. Re2 Qa5 28. Rff2 Qc7
29. cxd4 cxd4 30. Rc2 Qd8 31. Bxd4 Rxc2 32. Rxc2 Nxe5 33. Bg1 Qd1 34. Qc3 Nd7
35. Bf3 Qf1 36. Kh2 b4 37. Qe3 Ra8 38. Bg2 Qb5 39. e5 Ra6 40. Rc7 Ra2 41. Kh1
Nc5 42. Rc8 Na6 43. Ra8 Kg7 44. h5 gxh5 45. f5 Re2 46. f6+ Kg8 47. Qd4 Nb8 48.
Qb6 Qxb6 49. Bxb6 Nd7 50. Bc7 Nxe5 51. Bd6 Ng6 52. Bxb4 Re3 53. Be7 h4 54. Kh2
h3 55. Bc6 h6 56. gxh6 Kh7 57. Bxf8 Ne5 58. Be4+ Rxe4 59. Kxh3 Re3+ 60. Kg2
Rxb3 61. Bg7 Ng6 62. Ra7 Ne5 63. Kf1 Rb2 64. Ra8 1/2-1/2